Library Banner

Painless fractions / (Record no. 98657)

MARC details
000 -LEADER
fixed length control field 00607cam a22002054a 4500
001 - CONTROL NUMBER
control field 14330732
005 - DATE AND TIME OF LATEST TRANSACTION
control field 20171002112412.0
008 - FIXED-LENGTH DATA ELEMENTS--GENERAL INFORMATION
fixed length control field 060406s2006 nyua j b 001 0 eng
020 ## - INTERNATIONAL STANDARD BOOK NUMBER
International Standard Book Number 9780764134395
040 ## - CATALOGING SOURCE
Transcribing agency PK-LaUMT
082 00 - DEWEY DECIMAL CLASSIFICATION NUMBER
Classification number 513.26
Edition number 22
Item number CUM-P
100 1# - MAIN ENTRY--PERSONAL NAME
Personal name Cummings, Alyece B.
245 10 - TITLE STATEMENT
Title Painless fractions /
Statement of responsibility, etc Alyece B. Cummings ; illustrated by Laurie Hamilton
250 ## - EDITION STATEMENT
Edition statement 2nd ed.
260 ## - PUBLICATION, DISTRIBUTION, ETC. (IMPRINT)
Place of publication, distribution, etc Hauppauge, N.Y. :
Name of publisher, distributor, etc Barron's,
Date of publication, distribution, etc 2006
300 ## - PHYSICAL DESCRIPTION
Extent x, 223 p. :
Other physical details ill. ;
Dimensions 23 cm.
650 #0 - SUBJECT ADDED ENTRY--TOPICAL TERM
Topical term or geographic name as entry element Fractions
General subdivision Study and teaching (Middle school)
700 1# - ADDED ENTRY--PERSONAL NAME
Personal name Hamilton, Laurie,
942 ## - ADDED ENTRY ELEMENTS (KOHA)
Koha item type Books
Holdings
Withdrawn status Lost status Damaged status Home library Current library Date acquired Full call number Barcode Date last seen Price effective from Koha item type
      UMT Main Campus UMT Main Campus 2017-10-02 513.26 CUM-P 113904 2018-04-09 2017-10-02 Books